LEADER 01036nam a2200229 u 4500 001 000000024227 003 CaOOAMICUS 005 20070226111328.0 008 950520s1897 it u000 u lat u 035 $a10612954 040 $aPUL(R)$bita$dBAV-R2 100 1 $aMocchegiani, Pietro,$cO.F.M.$0(OLS)http://pul/name/20284 245 10$aCollectio indulgentiarum theologice, canonice ac historicae digesta /$copus a P. Petro Mocchegiani. 260 $aAd Claras Aquas :$bex typographia collegii S. Bonaventurae,$c1897. 300 $axi, 575 p. ;$c23 cm 650 4$aIndulgenze.$0(OLS)http://pul/subject/2994 850 $aPUL 852 $aPUL$W1$xDP1 Antico 800$y27$m153 A 51$j33938$nBK-PRI$b $qStampati Antico$B33938$CPULBib$Z2$F33938 $H $81 941 1 $a15 961 $aINV: 1789 996 $6245$aCollectio indulgentiarum theologice, canonice ac historicae digesta$9(OLS)http://pul/title/33575 996 $6260$aAd Claras Aquas :$bex typographia collegii S. Bonaventurae$9(OLS)http://pul/publisher/58351 LEADER 01183nam a2200289 a 4500 001 000000173404 003 CaOOAMICUS 005 20200513124005.0 008 200513s2019 it u000 u ita r 020 $a978-88-430-9846-0* 032 $aLibriCat 035 $a10993884 040 $aPUL$bita 245 00$aElementi di etica e deontologia per psicologi / $ca cura di Antonella Corradini. 260 $aRoma :$bCarocci,$c2019. 300 $a183 p. ;$c22 cm 490 1 $aStudi superiori$aPsicologia ;$v1182 650 4$aDeontologia professionale.$0(OLS)http://pul/subject/38433 700 1 $aCorradini, Antonella.$0(OLS)http://pul/name/36840 830 0$aStudi superiori (Carocci) ;$v1182.$0(OLS)http://pul/title/138453 850 $aPUL 852 $aPUL$W1$xDP1 Diritto e Scienze Sociali 3$y91$m344. 4505 CORAN 1$j197398$qDDC 21$B202181$CPULBib$Z2$F202181 $H134145 $82 941 1 $a9 996 $6020$a978-88-430-9846-0*$9(OLS)http://pul/number/167409 996 $6245$aElementi di etica e deontologia per psicologi / $9(OLS)http://pul/title/214574 996 $6260$aRoma :$bCarocci$9(OLS)http://pul/publisher/66917